|
|
|
|
| LEADER |
00000nab a2200000 a 4500 |
| 001 |
vtls000432630 |
| 003 |
SK-MaSNL |
| 005 |
20260302233712.0 |
| 008 |
160204c1991 xo 0 slo |
| 015 |
|
|
|a SNBRA19rr/mm-uuuuu
|
| 035 |
|
|
|a CL0432758
|
| 040 |
|
|
|a SNKBUCL
|b slo
|c SNKBUCL
|e AACR2
|
| 041 |
0 |
|
|a slo
|
| 044 |
|
|
|a xo
|c SK
|
| 080 |
|
|
|a 595.773.1
|2 1981
|
| 100 |
1 |
|
|a Čepelák, Juraj,
|d 1917-2000
|4 aut
|9 105320
|
| 245 |
1 |
0 |
|a Pestrice Zobora (Diptera, Syrphidae)
|c Juraj Čepelák, Štefan Stollár
|
| 300 |
|
|
|b Mp. 1. Res. angl., nem., rus., lit. 10 zázn. v slov., češ., angl.
|
| 650 |
0 |
7 |
|a pestrice
|2 snkbucl
|9 417273
|
| 650 |
0 |
7 |
|a pestricovité
|2 snkbucl
|9 107465
|
| 651 |
|
7 |
|a Zobor (Tribeč, Slovensko : vrch)
|2 snkbucl
|9 83955
|
| 655 |
|
7 |
|a články zo zborníkov
|2 snkbucl
|9 166140
|
| 700 |
1 |
|
|a Stollár, Štefan,
|d 1933-2003
|4 aut
|9 37757
|
| 773 |
0 |
|
|t Zobor 2
|d Martin : Osveta, 1991
|g S. 279-297
|
| 850 |
|
|
|a Slovenská národná knižnica v Martine
|a MTA001
|
| 852 |
|
|
|a SNK
|b KIS3GCP
|
| 958 |
|
|
|a NB
|
| 958 |
|
|
|a RK
|
| 992 |
|
|
|a RZB
|
| 999 |
|
|
|c 1547521
|d 1549451
|